| 000 | 00487nam a2200157Ia 4500 | ||
|---|---|---|---|
| 008 | 160316s1999 xxu||||| |||| 00| 0 eng d | ||
| 082 |
_a344.012300 _bRAO |
||
| 100 | _aRao S B | ||
| 245 | _aLaw and practice on minimum wages : A commentary on minimum wages act, 1948 | ||
| 250 | _a2nd | ||
| 260 |
_aAllahabad _bLaw Publishing House _c1999 |
||
| 300 |
_a258p _b _cix |
||
| 365 | _bRs.275 | ||
| 650 | _a1. Labour Law - Minimum Wages 2. Minimum Wages Act, 1948 - Commentary | ||
| 700 |
_a _a |
||
| 999 |
_c13953 _d13953 |
||